Les 13 états confédérés (Etats unis) - Statistiques

Statistiques générales
  • Ce quiz a été pris 58 fois
  • Le résultat moyen est 9 sur 11
Statistiques - réponses
First Letter Réponse % Correct
A Alabama
94%
T Texas
90%
C Caroline du Nord
88%
C Caroline du Sud
88%
F Floride
88%
A Arkansas
86%
V Virginie
86%
G Georgie
84%
L Louisiane
84%
T Tennessee
82%
M Mississippi
74%
Aucun quiz correspondant
Distribution des résultats
% des personnes avec chaque résultat
Percentile par nombre de réponses
Votre historique - résultats
Vous n’avez pas pris ce quiz